=LDR 00000nam 2200000 4500 =001 INLIS000000000062269 =005 20230718091732 =035 ##$$a 0010-0723000007 =007 ta =008 230718################g##########0#ind## =100 #$$a Ermawati Dalami =245 ##$$a Konsep dasar keperawatan kesehatan jiwa /$c Ermawati Dalami, S.Kp. =250 ##$$a Cetakan pertama, 2010 =300 ##$$a x, 133 halaman : $b Ilustrasi ; $c 21 cm =020 ##$$a 978-602-8200-44-8 =041 ##$$a ind =082 ##$$a 362.173 =084 ##$$a 362.173 ERM k =264 ##$$a Jakarta :$b Trans Info Media,$c 2010 =336 ##$$a teks$2 rdacontent =337 ##$$a tanpa perantara$2 rdamedia =338 ##$$a volume$2 rdacarrier =504 ##$$a Bibliografi: halaman 131 =650 #4$$a Perawatan dan Perawatan Kesehatan Jiwa =990 ##$$a 5202300432